Music Quiz

Random Music or Kpop Quiz
Score 0/51 Timer 10:00
0 Plays Today
% Correct
Happiness
85.4%
Psycho
83.5%
Adore U
82.3%
Dalla dalla
82.3%
Lion
79.7%
La Ta Ta
79.1%
Bad boy
77.2%
Red flavor
75.3%
Don't wanna cry
75.3%
Dumb dumb
72.2%
Russian roulette
72.2%
HIT
71.5%
Cactus
70.9%
Very nice
70.3%
Getting closer
69.6%
Up & Down
67.1%
Under cover
65.2%
I love you
64.6%
DDD
63.3%
Whoz that girl
62.7%
Me & You
62.7%
Take me higher
59.5%
Bad
57.6%
Hot pink
57.6%
L.I.E
56.3%
Come back again
55.7%
% Correct
La la love
55.7%
Mo mo mo
54.4%
Clock
53.8%
Save me, save you
53.8%
Tell me
52.5%
The eye
51.3%
OK
46.8%
I wish
44.9%
The chaser
44.3%
Be mine
44.3%
A lie
44.3%
Galaxy
43.7%
Rollin'
43%
Last Romeo
39.9%
Solo day
38.6%
Bad girl
36.7%
What's happening?
34.8%
Baby I'm sorry
32.9%
Destiny
30.4%
Sweet girl
29.7%
Set me free
29.7%
So wonderful
25.9%
I smile even if it hurts
25.3%
A day of love
19.6%
The last holiday
17.7%
Remove Ads.
Support Sporcle.
Get the best of Sporcle when you Go Orange. This ad-free experience offers more features, more stats, and more fun while also helping to support Sporcle. Thank you for becoming a member.

You're not logged in!

Compare scores with friends on all Sporcle quizzes.
OR
Log In

Sporcle TV

Today on Sporcle TV


Watch our educational content, quiz creation guides, and fun videos on Sporcle TV.

Show Comments

Extras

Created May 10, 2020ReportNominate
Tags:Kpop Quiz, Kpop Quiz

Top Quizzes Today


Score Distribution

Paid Content

Your Account Isn't Verified!

In order to create a playlist on Sporcle, you need to verify the email address you used during registration. Go to your Sporcle Settings to finish the process.

Report this User

Report this user for behavior that violates our Community Guidelines.

Details: